000 01431nam a2200229 a 4500
001 BS0002476
003 BR-BrBNA
005 20230911141150.0
008 230308b |||||||| |||| 00| 0 por d
040 _aBR-BrBNA
_bpor
_cBiblioteca Nacional de Agricultura
041 _apor
072 _aS85
090 _aS85 BS0002476
100 1 _aJeffries, Sabrina.
245 1 _aTo a pleasure a prince /
260 3 _aNova Iorque:
_bPocket Star Books,
_c2005.
300 _a362 p.
520 3 _aBeautiful Lady Regina Tremaine has turned down se many suitors that she's called La Belle Dame Sans Merci. The truth: she won't marry because she carries a dark secret. She sees no good reason, however, why her brother shouldn't court the lovely Louisa North - even it the girl's brother, the notorious "Dragon Viscount," objects. Marcus North, Viscount Draker - bastard son of the Prince of Wales-is rumored to be a monster who holds women captive in his dark castle to have his way with them. He has been exiled from polite society for years. But when Lady Regina makes a plea on her brother's behalf; Marcus proposes an outrageous deal: her brother can court Louisa se long as Marcus can court Regina. Can the beauty and the beast survive a proper court-ship when the devastatingly improper passion between them threatens to cause the scandal of the century?
650 _aLITERATURA AMERICANA
650 _aROMANCE
942 _cBK
_2AGRIS
999 _c7536
_d7536